<?xml version="1.0" encoding="UTF-8"?><?xml-stylesheet type="text/xsl" href="static/style.xsl"?><OAI-PMH xmlns="http://www.openarchives.org/OAI/2.0/" xmlns:xsi="http://www.w3.org/2001/XMLSchema-instance" xsi:schemaLocation="http://www.openarchives.org/OAI/2.0/ http://www.openarchives.org/OAI/2.0/OAI-PMH.xsd"><responseDate>2026-04-27T21:22:43Z</responseDate><request verb="GetRecord" identifier="oai:uvadoc.uva.es:10324/68764" metadataPrefix="marc">https://uvadoc.uva.es/oai/request</request><GetRecord><record><header><identifier>oai:uvadoc.uva.es:10324/68764</identifier><datestamp>2025-03-05T09:00:35Z</datestamp><setSpec>com_10324_2555</setSpec><setSpec>col_10324_2559</setSpec></header><metadata><record xmlns="http://www.loc.gov/MARC21/slim" xmlns:doc="http://www.lyncode.com/xoai" xmlns:xsi="http://www.w3.org/2001/XMLSchema-instance" xmlns:dcterms="http://purl.org/dc/terms/" xsi:schemaLocation="http://www.loc.gov/MARC21/slim http://www.loc.gov/standards/marcxml/schema/MARC21slim.xsd">
<leader>00925njm 22002777a 4500</leader>
<datafield tag="042" ind1=" " ind2=" ">
<subfield code="a">dc</subfield>
</datafield>
<datafield tag="720" ind1=" " ind2=" ">
<subfield code="a">Herrero de Lucas, Luis Carlos</subfield>
<subfield code="e">author</subfield>
</datafield>
<datafield tag="260" ind1=" " ind2=" ">
<subfield code="c">2024</subfield>
</datafield>
<datafield tag="520" ind1=" " ind2=" ">
<subfield code="a">Anexos de la memoria final del PID97_2023_2024 realizado por el grupo de Innovación Docente en Tecnología Electrónica de la UVa (GIDTEUVa) durante el curso académico 2023/2024.</subfield>
</datafield>
<datafield tag="024" ind2=" " ind1="8">
<subfield code="a">https://uvadoc.uva.es/handle/10324/68764</subfield>
</datafield>
<datafield tag="245" ind1="0" ind2="0">
<subfield code="a">Implementación de la metodología Flipped Classroom para mejorar la eficiencia en la formación práctica de las asignaturas del área de Tecnología Electrónica (PID97_2023/24)</subfield>
</datafield>
</record></metadata></record></GetRecord></OAI-PMH>